Supersonic flow and shock waves / (Record no. 8756)
[ view plain ]
| 000 -LEADER | |
|---|---|
| fixed length control field | 01141nam a2200313 a 4500 |
| 001 - CONTROL NUMBER | |
| control field | 8756 |
| 003 - CONTROL NUMBER IDENTIFIER | |
| rucl marc code | BD-RjUL |
| 005 - DATE AND TIME OF LATEST TRANSACTION | |
| control field | 20211208234638.0 |
| 008 - FIXED-LENGTH DATA ELEMENTS--GENERAL INFORMATION | |
| fixed length control field | 140119s19561948nyua 001 0 eng d |
| 020 ## - INTERNATIONAL STANDARD BOOK NUMBER | |
| International Standard Book Number | 0470179198 |
| 035 ## - SYSTEM CONTROL NUMBER | |
| System control number | (BD-RjUL)8801 |
| -- | CURL 020000157561(Edi) from wsc098 |
| 040 ## - CATALOGING SOURCE | |
| Original cataloging agency | DLC |
| Transcribing agency | MNU |
| Modifying agency | BD-RjUL |
| Language of cataloging | eng |
| 041 ## - LANGUAGE CODE | |
| Language code of text/sound track or separate title | eng |
| 082 00 - DEWEY DECIMAL CLASSIFICATION NUMBER | |
| Classification number | 533.6 |
| Author mark and year | COS 1956 |
| 100 1# - MAIN ENTRY--PERSONAL NAME | |
| Personal name | Courant, Richard, |
| Dates associated with a name | 1888-1972. |
| 9 (RLIN) | 20979 |
| 245 10 - TITLE STATEMENT | |
| Title | Supersonic flow and shock waves / |
| Statement of responsibility, etc. | R. Courant and K. O. Friedrichs. |
| 260 ## - PUBLICATION, DISTRIBUTION, ETC. (IMPRINT) | |
| Place of publication, distribution, etc. | New York ; |
| -- | London : |
| Name of publisher, distributor, etc. | Interscience Publishers, |
| Date of publication, distribution, etc. | 1948 [Printing 1956]. |
| 300 ## - PHYSICAL DESCRIPTION | |
| Pagination | xvi, 464 p. : |
| Illustrations | ill. ; |
| Size | 24 cm. |
| 490 1# - SERIES STATEMENT | |
| Series statement | Pure and applied mathematics ; |
| Volume/sequential designation | v.1 |
| 500 ## - GENERAL NOTE | |
| General note | "Originates from a report issued in 1944 under the auspices of the Office of Scientific Research and Development." |
| 504 ## - BIBLIOGRAPHY, ETC. NOTE | |
| Bibliography, etc | Includes index. |
| 650 #0 - SUBJECT ADDED ENTRY--TOPICAL TERM | |
| Topical term or geographic name as entry element | Aerodynamics, Supersonic. |
| 9 (RLIN) | 27234 |
| 700 1# - ADDED ENTRY--PERSONAL NAME | |
| Personal name | Friedrichs, K. O. |
| Fuller form of name | (Kurt Otto), |
| Dates associated with a name | 1901-1983 |
| 830 #0 - SERIES ADDED ENTRY--UNIFORM TITLE | |
| Volume number/sequential designation | v. 1 |
| 830 #0 - SERIES ADDED ENTRY--UNIFORM TITLE | |
| Uniform title | Pure and applied mathematics (Interscience Publishers) ; |
| 942 ## - ADDED ENTRY ELEMENTS (KOHA) | |
| Source of classification or shelving scheme | Dewey Decimal Classification |
| Koha item type | Books |
| Lost status | Source of classification or shelving scheme | Damaged status | Not for loan | Collection code | Permanent Location | Current Location | Shelving location | Date acquired | Source of acquisition | Total Checkouts | Full call number | Date last seen | Copy number | Koha item type | Cost, normal purchase price |
|---|---|---|---|---|---|---|---|---|---|---|---|---|---|---|---|
| Dewey Decimal Classification | Non-fiction | Central Library, University of Rajshahi | Central Library, University of Rajshahi | 30/01/1961 | Provincial Book | 533.6 COS 1956 | 19/01/2014 | C-2 | Books | ||||||
| Dewey Decimal Classification | Not For Loan | Non-fiction | Central Library, University of Rajshahi | Central Library, University of Rajshahi | Reading Room | 10/12/1968 | Zeitlinger | 533.6 COS 1956 | 07/05/2017 | C-1 | Books | 132.00 | |||
| Dewey Decimal Classification | Not For Loan | Non-fiction | Central Library, University of Rajshahi | Central Library, University of Rajshahi | Reading Room | 10/12/1968 | Zeitlinger | 533.6 COS 1956 | 07/05/2017 | C-3 | Books | 132.00 | |||
| Dewey Decimal Classification | Non-fiction | Central Library, University of Rajshahi | Central Library, University of Rajshahi | 23/10/1973 | U.S. Govt. | 533.6 COS 1967 | 08/05/2017 | C-4 | Books |